Chef-Lieux des départements français aléatoires - Statistiques

Statistiques générales
  • Ce quiz a été pris 1 111 fois
  • Le résultat moyen est 18 sur 20
Statistiques - réponses
Départements Chef-Lieux % Correct
Somme Amiens
100%
Aude Carcassonne
100%
Loire-Atlantique Nantes
100%
Finistère Quimper
100%
Loire Saint-Étienne
100%
Gironde Bordeaux
95%
Isère Grenoble
95%
Rhône Lyon
95%
Meurthe-et-Moselle Nancy
95%
Bas-Rhin Strasbourg
95%
Territoire de Belfort Belfort
94%
Côte-d'Or Dijon
94%
Alpes-Maritimes Nice
94%
Yvelines Versailles
94%
Landes Mont-de-Marsan
93%
Haute-Savoie Annecy
92%
Deux-Sèvres Niort
92%
Bouches-du-Rhône Marseille
91%
Corse-du-Sud Ajaccio
90%
Loiret Orléans
90%
Cantal Aurillac
89%
Paris Paris
89%
Pyrénées-Atlantiques Pau
89%
Creuse Guéret
88%
Nord Lille
88%
Mayotte Mamoudzou
87%
Nièvre Nevers
87%
Seine-Maritime Rouen
87%
Haute-Corse Bastia
86%
Gers Auch
85%
Haut-Rhin Colmar
85%
Martinique Fort-de-France
85%
Calvados Caen
84%
Vendée La Roche-sur-Yon
84%
Lozère Mende
84%
Indre-et-Loire Tours
84%
Guadeloupe Basse-Terre
83%
Oise Beauvais
83%
Savoie Chambéry
83%
Hautes-Alpes Gap
83%
Hérault Montpellier
83%
Var Toulon
83%
Cher Bourges
82%
Mayenne Laval
82%
Pyrénées-Orientales Perpignan
82%
Morbihan Vannes
82%
Orne Alençon
81%
Haute-Vienne Limoges
81%
Moselle Metz
81%
Côtes-d'Armor Saint-Brieuc
81%
Haute-Garonne Toulouse
81%
Loir-et-Cher Blois
80%
Ille-et-Vilaine Rennes
80%
Pas-de-Calais Arras
79%
Puy-de-Dôme Clermont-Ferrand
79%
Dordogne Périgueux
79%
Vienne Poitiers
79%
Corrèze Tulle
79%
Tarn Albi
78%
Seine-Saint-Denis Bobigny
78%
Saône-et-Loire Mâcon
78%
Guyane Cayenne
77%
Eure Évreux
77%
Hautes-Pyrénées Tarbes
77%
Sarthe Le Mans
76%
Eure-et-Loir Chartres
75%
Indre Châteauroux
75%
Alpes-de-Haute-Provence Digne-les-Bains
75%
Gard Nîmes
75%
La Réunion Saint-Denis
75%
Ardennes Charleville-Mézières
74%
Doubs Besançon
73%
Haute-Marne Chaumont
73%
Vosges Épinal
73%
Essonne Évry-Courcouronnes
73%
Aisne Laon
73%
Aveyron Rodez
73%
Aube Troyes
73%
Drôme Valence
73%
Ardèche Privas
72%
Maine-et-Loire Angers
71%
Yonne Auxerre
71%
Manche Saint-Lô
71%
Charente Angoulême
70%
Lot-et-Garonne Agen
69%
Charente-Maritime La Rochelle
69%
Haute-Saône Vesoul
68%
Lot Cahors
67%
Haute-Loire Le Puy-en-Velay
67%
Jura Lons-le-Saunier
67%
Tarn-et-Garonne Montauban
63%
Ariège Foix
61%
Vaucluse Avignon
60%
Allier Moulins
60%
Hauts-de-Seine Nanterre
60%
Marne Châlons-en-Champagne
59%
Val-de-Marne Créteil
57%
Seine-et-Marne Melun
56%
Ain Bourg-en-Bresse
54%
Val-d'Oise Cergy-Pontoise
50%
Meuse Bar-le-Duc
45%
Aucun quiz correspondant
Distribution des résultats
% des personnes avec chaque résultat
Percentile par nombre de réponses
Votre historique - résultats
Vous n’avez pas pris ce quiz